000 00604nam a2200193Ia 4500
999 _c1496
_d1496
003 OSt
005 20200922101821.0
008 190216s9999||||xx |||||||||||||| ||und||
020 _a0706996186
040 _coclc
082 _a581
_bPAN/T
100 _aPandey, S N
_92549
245 0 _aA Textbook Of Botany:
_bBryophyta, Pteridophyta, Gymnosperms and Palaeobotany (Vol.2) /
_cS N Pandey ; S P Misra ; P S Trivedi
250 _a11th Ed.
260 _bVikas Publishing House,
_c2001.
_aNew Delhi:
300 _a644p
650 _aBotany
942 _cBK
_2ddc
_h581
_iPAN/T
_k581
_mPAN/T